| 000 | 00420nam a22001217a 4500 | ||
|---|---|---|---|
| 008 | 260407t2007 my 000 0 my d | ||
| 100 | _qHamlee bin Ismail | ||
| 245 | _aPemurnian Pasir Silika Di Leban Chondong,Rompin Pahang Darul Makmur. RAK (G12) | ||
| 250 | P | _aUniversiti Kebangsaan Malaysia | |
| 260 |
_aPerak _bJabatan Mineral & Geosains Malaysia Bahagian Teknikal _c2007 |
||
| 300 | _aill:12p.30.22cm | ||
| 942 | _2ddc | ||
| 999 |
_c27192 _d27192 |
||